| 000 | 00631nam a22001697a 4500 | ||
|---|---|---|---|
| 003 | JO-AjAnu | ||
| 005 | 20231211121136.0 | ||
| 008 | 231211b jo ||||| |||| 00| 0 ara d | ||
| 040 |
_bara _cJO-AjAnu _dANU |
||
| 100 |
_aعبيدات، عاهد فلاح _964698 _eمؤلف |
||
| 245 |
_aإدارة بساتين الرمان = POMEGRANATE / _cتأليف عاهد فلاح عبيدات |
||
| 260 |
_aاربد : _bالمؤلف، _c2015 |
||
| 300 | _a100 صفحه | ||
| 500 | _aيحتوي الكتاب على صور توضيحية ملونه من وحي الطبيعة | ||
| 650 | _vالزراعة-الرمان | ||
| 942 |
_2lcc _cBK _n0 |
||
| 999 |
_c33286 _d33286 |
||